000 01171nam a2200325 i 4500
001 000045333
003 DO-SdBNP
005 20260129095358.0
007 ta
008 150303s2001 dr a 000 0 spa d
020 _a9789993429524
040 _aDO-SdBNP
_bspa
_cBNPHU
_erda
041 _aspa
082 4 _a972.93054
_bC697b
_222
100 1 _aCollado, Lipe,
_d1947-
_eautor
_4aut.
_979819
245 1 3 _aLa batalla del Hotel Matum, 1965 :
_bcronología /
_cLipe Collado.
264 1 _aSanto Domingo, República Dominicana :
_bEditora Collado SRL,
_c2001.
300 _a146 páginas :
_bilustraciones ;
_c21 cm.
336 _atexto
_btxt
_2rdacontent
337 _asin mediación
_bn
_2rdamedia
338 _avolumen
_bnc
_2rdacarrier
500 _aIncluye índice onomástico
500 _aIncluye datos biográficos del autor en las solapas.
504 _aBibliografía : páginas 119-121
590 _aInventario, 2026/BT
650 4 _aHotel matum, batalla de,
_zSantiago De Los Caballeros, República Dominicana
_973357
651 4 _aRepública Dominicana
_xHistoria
_yRevolución, 1965
_92167
910 _aValidado. Control de calidad MFF
942 _2ddc
_cLBS1
999 _c44822
_d44822